000 00399nam a2200133Ia 4500
008 151001s9999||||xx |||||||||||||| ||und||
100 _aमहेंद्र मित्तल
245 _aशिरडी के संत श्री साईबाबा
250 _a1
260 _bदृष्टी प्रकाशन
260 _c2009
300 _a159
365 _b21
999 _c993961
_d993958